Gestión y calidad en educación: un modelo de evaluación

Shranjeno v:
Bibliografske podrobnosti
Glavni avtor: Lepeley, María Teresa (Author)
Format: Knjiga
Jezik:španščina
Izdano: Ciudad de México McGraw-Hill 2003
Teme:
Oznake: Označite
Brez oznak, prvi označite!

MARC

LEADER 00000cam a2200000 a 4500
001 UCI4500
003 CL-VaPUC
008 080118e20030000MX |||||||||||||||||spa|d
020 |a 9701042824 
082 0 4 |a 370.11  |b LEP  |2 21 
100 |a Lepeley, María Teresa  |e author  |9 526443 
245 1 0 |a Gestión y calidad en educación: un modelo de evaluación 
300 |a 118 p 
942 |c BK 
945 |d 20080118 00:00:00  |a jtorresc 
260 |a Ciudad de México  |b McGraw-Hill  |c 2003 
650 0 |a Calidad de la educación   |9 307271 
650 0 |a Evaluación de la educación   |9 237505 
650 0 |a Planificación del currículo  |9 269599 
650 0 |a Filosofía de la educación   |9 258384 
583 |a last modification  |c 20190507 09:01:11  |k Rodrigo Vera 
999 |c 328430  |d 328428 
952 |0 0  |1 0  |4 0  |6 370_110000000000000_LEP_2003  |7 0  |8 A  |9 412337  |a BIBEDU  |b BIBEDU  |d 2019-11-22  |i 4403614  |o 370.11 LEP 2003  |p 4403614  |r 2019-11-22  |w 2019-11-22  |y BK  |k EDU 
952 |0 0  |1 0  |4 0  |6 370_110000000000000_LEP_2003  |7 0  |8 A  |9 412338  |a BIBMAT  |b BIBMAT  |c E_DIDACT  |d 2019-11-22  |i 4456769  |o 370.11 LEP 2003  |p 4456769  |r 2025-01-07  |w 2019-11-22  |y BK  |k MAT 
952 |0 0  |1 0  |4 0  |6 370_110000000000000_LEP_2003  |7 0  |8 A  |9 412339  |a BIBMAT  |b BIBMAT  |c E_DIDACT  |d 2019-11-22  |i 4456777  |o 370.11 LEP 2003  |p 4456777  |r 2025-01-07  |w 2019-11-22  |y BK  |k MAT